000 00495nam a2200181 i 4500
001 83742
003 ES-MaACL
005 20251005063056.0
007 t|
008 041118s1969 sp ||||1| spa d
100 1 _aJarnés Bergua, Enrique,
_d1919-1986
_966132
245 1 4 _aLas máquinas /
_cE. Jarnés Bergua.
250 _a[1ª ed.].
260 _a[Madrid] :
_bRollán,
_c[1969]
300 _a294 p. ;
_c18 cm.
852 _aES-MaACL
_jC-40733
_bR.73379
999 _c83742
_d83742